The Amazing universe

Đã lưu trong:
书目详细资料
主要作者: Shipton, Paul
格式: 图书
语言:Undetermined
出版: England Pearson 2002
主题:
标签: 添加标签
没有标签, 成为第一个标记此记录!
Thư viện lưu trữ: Trung tâm Học liệu Trường Đại học Cần Thơ
LEADER 00498nam a2200193Ia 4500
001 CTU_74561
008 210402s9999 xx 000 0 und d
020 |b 88000 
082 |a 428.64 
082 |b S557/L.4 
100 |a Shipton, Paul 
245 4 |a The Amazing universe 
245 0 |c Paul Shipton 
260 |a England 
260 |b Pearson 
260 |c 2002 
650 |a English language,Readers (elementary) 
904 |i Mai Loan 
980 |a Trung tâm Học liệu Trường Đại học Cần Thơ